| 000 | 01116cam a2200313 a 4500 | ||
|---|---|---|---|
| 001 | 14129743 | ||
| 005 | 20170105102913.0 | ||
| 008 | 051003s2005 ii b 001 0 eng | ||
| 010 | _a 2005386467 | ||
| 020 | _a019567202X | ||
| 025 | _aI-E-2005-386467; 63-01; 79-01 | ||
| 037 |
_bLibrary of Congress -- New Delhi Overseas Office _cRs595.00 |
||
| 040 |
_aDLC _cDLC _dDLC |
||
| 042 | _alcode | ||
| 050 | 0 | 0 |
_aJC319 _b.N35 2005 |
| 100 | 1 | _aNayar, Baldev Raj. | |
| 245 | 1 | 4 |
_aThe geopolitics of globalization : _bthe consequences for development / _cBaldev Raj Nayar. |
| 260 |
_aNew Delhi ; _aNew York : _bOxford University Press, _c2005. |
||
| 300 |
_axii, 301 p. ; _c22 cm. |
||
| 504 | _aIncludes bibliographical references (p. [273]-287) and index. | ||
| 650 | 0 | _aGeopolitics. | |
| 650 | 0 | _aGlobalization. | |
| 650 | 0 | _aEconomic development. | |
| 650 | 0 |
_aWorld politics _y20th century. |
|
| 856 | 4 | 2 |
_3Publisher description _uhttp://www.loc.gov/catdir/enhancements/fy0640/2005386467-d.html |
| 906 |
_a7 _bcbc _corigode _d3 _encip _f20 _gy-gencatlg |
||
| 942 |
_2ddc _cBK |
||
| 999 |
_c15240 _d15240 |
||